000 00423nam a2200157Ia 4500
008 230917s9999||||xx |||||||||||||| ||und||
040 _e124139
_aMAIN
041 _aEnglish
082 _a820.09 L712L
100 _aWalder, Dennis
245 0 _aLiterature in the modern world: Critical essays and documents
250 _a2nd ed.
260 _aNew York
_bOxford University Press
_c2004
300 _a540 p.
942 _cBK
999 _c147411
_d147411